[Event "Groningen op"]
[Site "Groningen"]
[Date "1994.??.??"]
[Round "2"]
[White "Gasimov, Ragim"]
[Black "Arbakov, Valentin"]
[Result "1-0"]
[WhiteElo "2420"]
[BlackElo "2570"]

1.Nf3 d5 2.g3 c6 3.Bg2 Bg4 4.h3 Bh5 5.c4 e6 6.O-O Nd7 7.b3 Ngf6 8.Bb2 Bd6
9.d3 O-O 10.Nbd2 Re8 11.e4 dxe4 12.dxe4 e5 13.Qc2 a5 14.a3 Bf8 15.Bc3 Qc7
16.b4 b6 17.Nh4 Red8 18.Qb2 Ne8 19.Nf5 f6 20.h4 Nd6 21.Ne3 Be7 22.f4 Ne8
23.Bh3 Bf7 24.Rf2 axb4 25.axb4 Rxa1+ 26.Qxa1 exf4 27.gxf4 Bd6 28.Qf1 Nf8
29.Nf5 Be6 30.h5 Bxf5 31.Bxf5 Qe7 32.Qb1 Qc7 33.Qf1 Ra8 34.c5 bxc5 35.bxc5 Be7
36.Qc4+ Kh8 37.Bd4 Rd8 38.Nb3 Rb8 39.h6 Bd8 40.e5 g6 41.Rg2 Qe7 42.Re2 Rb7
43.exf6 Qf7 44.Rxe8 Bxf6 45.Bxf6+ Qxf6 46.Rxf8+  1-0

[Event "Groningen op"]
[Site "Groningen"]
[Date "1994.??.??"]
[Round "5"]
[White "Carlier, Bruno"]
[Black "Brenninkmeijer, Joris"]
[Result "1/2-1/2"]
[WhiteElo "2365"]
[BlackElo "2490"]

1.Nf3 d5 2.g3 c6 3.Bg2 Bg4 4.c4 e6 5.Qb3 Qb6 6.d3 Nd7 7.Be3 Bc5 8.Bxc5 Nxc5
9.Qxb6 axb6 10.Nbd2 Bxf3 11.Bxf3 Nf6 12.d4 Ncd7 13.O-O Ke7 14.a3 dxc4 15.Nxc4 b5
16.Nd2 e5 17.Nb3 e4 18.Bg2 Kd6 19.e3 Rhe8 20.Nd2 Re7 21.Rfe1 Nb6 22.f3 exf3
23.Bxf3 Kc7 24.Rac1 Rd8 25.Kf2 Ne8 26.Rc2 f5 27.Rec1 Rd6 28.Rc5 Rh6 29.d5 Rxh2+
30.Bg2 Rd7 31.Nf1 Rxg2+ 32.Kxg2 Rxd5 33.Rxd5 Nxd5 34.Kf3 Nd6 35.Nd2 Nf7 36.Ke2 Ng5
37.Rh1 c5 38.Nf3 Nxf3 39.Kxf3 h6 40.Rh5 Ne7 41.e4 fxe4+ 42.Kxe4 Kd6 43.g4 b6
44.g5 hxg5 45.Rxg5 g6 46.b4 Kc6 47.Ke5 Kd7 48.Ke4 Kd6 49.Kd3 Kc6 50.Kc2 Kd6
51.Kd3 Kc6 52.Rg1 Kd5 53.Rb1 Kc6 54.Ke4 Nd5 55.Ke5 Ne3 56.Ke4 Nc4 57.Ra1 g5
58.Kf5 g4 59.Kxg4 Kd5 60.Kf3 Kd4 61.Rd1+ Kc3 62.bxc5 bxc5 63.Rd5 Nd2+ 64.Ke3 Nb3
65.Rd8 Nd4 66.Rd5 Kc4 67.Ke4 Nc2 68.Rd3 Nxa3 69.Rxa3 b4 70.Ra1 b3 71.Rc1+ Kb4
72.Kd3 b2 73.Rb1 Kb3 74.Rxb2+  1/2-1/2

[Event "Groningen op"]
[Site "Groningen"]
[Date "1994.??.??"]
[Round "7"]
[White "Pliester, Leon"]
[Black "Zhukova, Natalia"]
[Result "1/2-1/2"]
[WhiteElo "2380"]
[BlackElo "2225"]

1.Nf3 d5 2.g3 Nf6 3.Bg2 Bf5 4.O-O e6 5.d3 h6 6.Nc3 Be7 7.Ne5 O-O 8.e4 Bh7
9.Qe2 c6 10.Kh1 Nbd7 11.Nxd7 Nxd7 12.b3 Bf6 13.Bb2 Qa5 14.Qe1 Bd4 15.Nd1 Qxe1
16.Rxe1 Bxb2 17.Nxb2 Rfd8 18.f3 Rac8 19.Kg1 Kf8 20.Kf2 Nb8 21.h4 c5 22.exd5 exd5
23.f4 Nc6 24.Rac1 b5 25.Nd1 c4 26.dxc4 dxc4 27.Bxc6 Rxc6 28.b4 Ra6 29.Nc3 Ra3
30.Nxb5 Rxa2 31.Re2 a5 32.bxa5 Rxa5 33.Nc3 Ra3 34.Rd1 Re8 35.Rxe8+ Kxe8 36.Nb5 Ra2
37.Rd2 Rxc2  1/2-1/2

[Event "Groningen op"]
[Site "Groningen"]
[Date "1994.??.??"]
[Round "9"]
[White "Schiffer, Kai Uwe"]
[Black "Mamedova, Rena"]
[Result "1/2-1/2"]
[WhiteElo "2300"]
[BlackElo "2155"]

1.Nf3 d5 2.g3 c6 3.Bg2 Bg4 4.O-O Nd7 5.d3 e6 6.c4 Bd6 7.cxd5 exd5 8.Nc3 Ngf6
9.Be3 O-O 10.Qb3 Bc5 11.Bf4 Bb6 12.Na4 Re8 13.Rfe1 Ba5 14.Nc3 Bxf3 15.Bxf3 d4
16.Ne4 Bxe1 17.Nxf6+ Nxf6 18.Rxe1 Qb6 19.Qc2 Rad8 20.a3 Nd5 21.Bd2 a6 22.Rc1 Qc7
23.Qc5 Qe5 24.Qa7 Re7 25.Qc5 h6 26.Rc4 Nf6 27.Qb6 Red7 28.a4 g5 29.h3 Qe6
30.Kg2 Nd5 31.Qc5 Qe7 32.Qxe7 Nxe7 33.a5 Ng6 34.Be4 Re7 35.Bb4 Re5 36.Bc5 f5
37.Bf3 Rd7 38.Bh5 Nf8 39.f4 gxf4 40.gxf4 Rg7+ 41.Kf2 Rd5 42.Bxd4 Rgd7 43.Bc3 Ne6
44.Bf3 Rc5 45.Ra4 Rb5 46.Be5 c5 47.Ra1 Rb4 48.Rg1+ Kh7 49.e3 c4 50.Bc3 Rb3
51.dxc4 Nc5 52.Bd1 Ne4+ 53.Ke1 Rxc3 54.bxc3 Rd3 55.Bc2 Rxe3+ 56.Kd1 Rxh3
57.Bxe4 fxe4 58.Re1 Rd3+ 59.Kc2 Kg6 60.Rxe4 Rd7 61.Re6+ Kh5 62.Kb3 Rh7 63.f5 Kg5
64.f6 Rf7 65.Re7 Kxf6 66.Re1 h5 67.c5 h4 68.Kc4 h3 69.c6 Rc7 70.Rh1 Rxc6+
71.Kb4 b5 72.axb6 Rxb6+ 73.Kc4 Rc6+ 74.Kb4 a5+ 75.Kb3 Rc5 76.Rxh3  1/2-1/2

[Event "Guines"]
[Site "Guines"]
[Date "1994.??.??"]
[Round "11"]
[White "Moreno, Alejandro"]
[Black "Lugo, Blas"]
[Result "1-0"]
[WhiteElo "2310"]
[BlackElo "2380"]

1.Nf3 d5 2.g3 c6 3.Bg2 f5 4.O-O Nf6 5.b3 a5 6.a3 Nbd7 7.Bb2 e6 8.d3 Bc5 9.Nbd2 O-O
10.c4 Qe7 11.Qc2 b6 12.e4 fxe4 13.dxe4 Bb7 14.exd5 cxd5 15.Rae1 Bxa3 16.Bxa3 Qxa3
17.Rxe6 Rae8 18.Nd4 Rxe6 19.Nxe6 Re8 20.Nf4 Qc5 21.Rd1 g5 22.Nd3 Qd4 23.Nf1 dxc4
24.Bxb7 cxd3 25.Rxd3 Qe5 26.Qd2 Nf8 27.Bd5+ Nxd5 28.Rxd5 Qe7 29.Rxg5+ Ng6
30.h4 Rd8 31.Qc2 Kf8 32.Ne3 Rd7 33.Nd5 Qd6 34.h5 Ne7 35.Qxh7  1-0

[Event "Haarlem AKN"]
[Site "Haarlem"]
[Date "1994.??.??"]
[Round "6"]
[White "Hartoch, Robert G"]
[Black "Ziatdinov, Raset"]
[Result "0-1"]
[WhiteElo "2345"]
[BlackElo "2450"]

1.Nf3 d5 2.g3 Nf6 3.Bg2 e6 4.O-O Be7 5.d3 c5 6.Nbd2 Nc6 7.e4 b6 8.Re1 Qc7
9.exd5 Nxd5 10.Nc4 Bb7 11.Ne3 Nxe3 12.Bxe3 e5 13.Nd2 O-O 14.f4 Rfe8 15.f5 Rad8
16.Be4 Rd7 17.Qf3 Nb4 18.Rec1 Nd5 19.Kg2 Red8 20.Re1 Ba6 21.Re2 Nb4 22.Nc4 b5
23.Na3 c4 24.dxc4 bxc4 25.c3 Nd5 26.Nc2 Nf6 27.Kh3 Rd3 28.Ne1 R3d7 29.Bg5 Nxe4
30.Bxe7 Rxe7 31.Qxe4 Bb7 32.Qg4 Rd6 33.Nf3 h5 34.Qxh5 Rh6 35.Qxh6 gxh6 36.Nh4 Qd6
37.Rf1 Qf6 38.Rd2 h5  0-1

[Event "Hamburg-ch"]
[Site "Hamburg"]
[Date "1994.??.??"]
[Round "9"]
[White "Wilhelmi, Christian"]
[Black "Dankert, Peter"]
[Result "1/2-1/2"]
[WhiteElo "2280"]
[BlackElo "2280"]

1.Nf3 d5 2.g3 Bg4 3.Bg2 Nd7 4.O-O Ngf6 5.d3 e6 6.Nbd2 Bc5 7.c4 c6 8.b3 O-O
9.Bb2 a5 10.a3 Re8 11.d4 Bf8 12.Re1 b5 13.cxb5  1/2-1/2

[Event "Harkany op"]
[Site "Harkany"]
[Date "1994.??.??"]
[Round "1"]
[White "Szekeres, Tibor"]
[Black "Zemerov, Vladimir"]
[Result "0-1"]
[WhiteElo "2200"]
[BlackElo "2430"]

1.Nf3 d5 2.g3 Nc6 3.Bg2 e5 4.d3 f6 5.Nbd2 Be6 6.e4 dxe4 7.Nxe4 Qd7 8.Be3 O-O-O
9.h3 b6 10.Qd2 Nge7 11.O-O-O Nf5 12.a3 Be7 13.g4 Nfd4 14.Nxd4 exd4 15.Bf4 Rhe8
16.Kb1 Kb8 17.c4 dxc3 18.Qxc3 Nd4 19.Ng3 Bc5 20.Be3 Qa4 21.Bxd4 Qxd4 22.Bc6 Qxc3
23.bxc3 Bd7 24.Be4 g6 25.f4 Bxa3 26.Rd2 Bd6 27.Ne2 c5 28.f5 gxf5 29.gxf5 Kc7
30.Ra2 a5 31.c4 Be5 32.Rg1 Rg8 33.Kc2 Bc6 34.Rxg8 Rxg8 35.Bxc6 Kxc6 36.Kd2 Rg5
37.d4 cxd4 38.Kd3 Rxf5 39.Nxd4+ Bxd4 40.Kxd4 Rf4+  0-1

[Event "Harkany op"]
[Site "Harkany"]
[Date "1994.??.??"]
[Round "5"]
[White "Vaulin, Alexander"]
[Black "Dobrovolsky, Ladislav"]
[Result "1/2-1/2"]
[WhiteElo "2550"]
[BlackElo "2400"]

1.g3 d5 2.Nf3 Nf6 3.Bg2 e6 4.O-O Nbd7 5.d4 Be7 6.c4 O-O 7.Qc2 c6 8.Nbd2 b6
9.e4 Bb7 10.b3 Rc8 11.Bb2 Qc7 12.Rad1 Rfd8 13.Rfe1 Qb8 14.h4 h6 15.e5 Ne8
16.c5 bxc5 17.Ba3 Nc7 18.dxc5 a5 19.g4 Qa7 20.g5 Nb5 21.Bb2 Qxc5 22.Qd3 Ba6
23.gxh6 Nc7 24.Qb1 gxh6 25.Nd4 Ne8 26.Re3 Ng7 27.Rg3 Bxh4 28.Rh3 Bxf2+ 29.Kxf2 Nxe5
30.Bf1 Ng4+ 31.Kg3 Bxf1 32.Rxf1 h5 33.Kg2 Qe7 34.Kh1 c5 35.N4f3 e5 36.Qe1 Re8
37.Qg3 Rc6 38.Rxh5 Nxh5 39.Qxg4+ Ng7 40.Nxe5 Rh6+ 41.Kg1 d4 42.Ndc4 f6 43.Bc1 Rh5
44.Nf3 Qe2 45.Qg2 Qd3 46.Ne1 Qd1 47.Nf3 Qd3 48.Ne1 Qd1 49.Nf3  1/2-1/2

[Event "Harkany op"]
[Site "Harkany"]
[Date "1994.??.??"]
[Round "5"]
[White "Loginov, Valery A"]
[Black "Wells, Peter K"]
[Result "1/2-1/2"]
[WhiteElo "2610"]
[BlackElo "2490"]

1.Nf3 d5 2.g3 Nc6 3.d4 Bg4 4.Bg2 Qd7 5.c4 e6 6.O-O O-O-O 7.Nc3 dxc4 8.Qa4 Kb8
9.Rd1 Bxf3 10.Bxf3 Nb4 11.Qa5 Nf6 12.a3 Nbd5 13.e4 b6 14.Qa6 Nxc3 15.bxc3 Qc6
16.a4 Nxe4 17.a5 f5 18.axb6 axb6 19.Bf4 Qb7 20.Qxc4 Bd6 21.Qxe6 Rde8 22.Qd7 Bxf4
23.gxf4 Rhf8 24.Ra3 Rd8 25.Qa4 Rf6 26.h3 b5 27.Qa5 Rdd6 28.Rda1 Kc8 29.Qb4 Rh6
30.c4 Qc6 31.cxb5 Qc2 32.Bxe4 Qxe4 33.Rg3 Rhg6 34.Ra3 Qxf4 35.b6 Rxg3+ 36.fxg3 Qxd4+
37.Qxd4 Rxd4 38.Ra8+ Kb7 39.bxc7 Rc4 40.Rf8 Rxc7  1/2-1/2

[Event "Hastings9495"]
[Site "Hastings"]
[Date "1994.??.??"]
[Round "?"]
[White "McNab, Colin Anderson"]
[Black "Lalic, Susan"]
[Result "0-1"]
[WhiteElo "2465"]
[BlackElo "2375"]

1.Nf3 d5 2.g3 c6 3.Bg2 Bg4 4.h3 Bxf3 5.Bxf3 e5 6.d3 f5 7.e4 dxe4 8.dxe4 Qxd1+
9.Kxd1 fxe4 10.Bxe4 Nf6 11.Bg2 Bc5 12.Ke2 O-O 13.Be3 Bxe3 14.Kxe3 Nbd7 15.Rd1 Nb6
16.Ke2 e4 17.Nd2 Rae8 18.Nf1 Nfd5 19.Rd4 Nf6 20.Ne3 Re5 21.Rad1 Rfe8 22.R1d2 Kf7
23.b3 R8e7 24.c4 Nbd7 25.h4 Nc5 26.Bh3 g6 27.Rd8 Nd3 28.Kd1 Re8 29.Rxe8 Rxe8
30.Kc2 Rd8 31.Kc3 b5 32.Bf1 b4+ 33.Kc2 Ne1+ 34.Kd1 Rxd2+ 35.Kxd2 Nf3+ 36.Ke2 Nd4+
37.Kd2 Ke6 38.Bh3+ Ke5 39.Bc8 Nf3+ 40.Kc2 Kd4 41.Ng2 Ne5 42.Nf4 Neg4 43.Bxg4 Nxg4
44.Ne6+ Ke5 45.Nd8 c5 46.Nb7 Kd4 47.Nd8 Nxf2 48.Ne6+ Ke3 49.Nxc5 Kf3 50.Na6 Nd3
51.c5 e3  0-1

[Event "Hastings op9495"]
[Site "Hastings"]
[Date "1994.??.??"]
[Round "?"]
[White "McDonald, Neil R"]
[Black "Duncan, Christopher R"]
[Result "0-1"]
[WhiteElo "2420"]
[BlackElo "2300"]

1.Nf3 d5 2.g3 c6 3.Bg2 Bg4 4.c4 Nd7 5.cxd5 cxd5 6.Qb3 Nc5 7.Qd1 Nf6 8.O-O e6
9.d3 Bd6 10.Nc3 O-O 11.Be3 Qd7 12.b4 Na6 13.a3 Rfc8 14.Rc1 b5 15.Nd2 Rc7
16.Nb3 Rac8 17.Qd2 Nb8 18.Bc5 a6 19.d4 Bxc5 20.dxc5 Nc6 21.Qf4 e5 22.Qd2 d4
23.Ne4 Nxe4 24.Bxe4 Be6 25.Qb2 f5 26.Bg2 Rd8 27.Rcd1 Qf7 28.Na1 Bd5 29.Bxd5 Qxd5
30.Qb3 a5 31.Qxd5+ Rxd5 32.Nc2 Rcd7 33.Rb1 Kf7 34.Rfc1 a4 35.Ne1 e4 36.f3 Ne5
37.fxe4 fxe4 38.Nc2 Ke6 39.Rf1 Rf7 40.Rxf7 Kxf7 41.Rd1 d3 42.Ne1 d2 43.Ng2 Nc4
44.c6 Ke8 45.Nf4 Rd6  0-1

[Event "FIN-ch"]
[Site "Helsinki"]
[Date "1994.??.??"]
[Round "?"]
[White "Valkesalmi, Kimmo"]
[Black "Hakulinen, Esko Matti"]
[Result "1/2-1/2"]
[WhiteElo "2355"]
[BlackElo "2330"]

1.Nf3 d5 2.g3 c6 3.Bg2 Bg4 4.b3 Nd7 5.Bb2 e6 6.O-O Ngf6 7.c4 Bd6 8.d4 Qb8
9.Nbd2 O-O 10.Re1 e5 11.cxd5 cxd5 12.dxe5 Nxe5 13.Nxe5 Bxe5 14.Bxe5 Qxe5
15.Nf3 Bxf3 16.exf3 Qd6 17.Qd4 a6 18.Bh3 Rfe8 19.b4 Kf8 20.a4 Rad8 21.a5 Rxe1+
22.Rxe1 Nd7 23.Bxd7 Rxd7 24.Rc1 Rd8 25.Kg2 h6 26.Rc5 Kg8 27.Rc3 Kf8 28.Rc5 Kg8  1/2-1/2

[Event "RLP-ch"]
[Site "Hillscheid "]
[Date "1994.??.??"]
[Round "?"]
[White "Bruch, Jochen"]
[Black "Schumacher, Olaf"]
[Result "1/2-1/2"]
[WhiteElo "2285"]
[BlackElo "2285"]

1.Nf3 d5 2.g3 c6 3.Bg2 Bg4 4.O-O Nf6 5.d3 Nbd7 6.Nbd2 e6 7.c3 Be7 8.Qc2 O-O
9.h3 Bh5 10.Re1 h6 11.Nf1 Bg6 12.Bd2 a5 13.Rad1 Qc7 14.e4 dxe4 15.dxe4 Bc5
16.Nd4 Qb6 17.Be3 Ne5 18.Nb3 Bxe3 19.Nxe3 Nxe4 20.Bxe4 Nf3+ 21.Kg2 Nxe1+
22.Rxe1 Bxe4+ 23.Qxe4 a4 24.Nc4 Qb5 25.Nbd2 Qd5 26.Qxd5 cxd5 27.Ne5 Rfc8
28.a3 Ra6 29.Nd3 Rb6  1/2-1/2

[Event "Horgen SKA"]
[Site "Horgen"]
[Date "1994.??.??"]
[Round "1"]
[White "Hug, Werner"]
[Black "Fioramonti, Hung"]
[Result "1-0"]
[WhiteElo "2445"]
[BlackElo "2415"]

1.Nf3 d5 2.g3 Nc6 3.d4 Bg4 4.Bg2 Qd7 5.Nbd2 f6 6.c4 e6 7.a3 O-O-O 8.cxd5 Qxd5
9.h3 Bh5 10.e3 e5 11.g4 Bf7 12.O-O Qd7 13.dxe5 h5 14.g5 Be6 15.Kh2 Nxe5 16.Nxe5 Qd6
17.f4 fxe5 18.Qf3 c6 19.Ne4 Qc7 20.f5 Bd7 21.h4 Ne7 22.Bh3 g6 23.fxg6 Nxg6
24.Bxd7+ Qxd7 25.Qh3 Qg4 26.Rg1 Qxh3+ 27.Kxh3 Be7 28.Bd2 Kd7 29.Bb4 Ke6 30.Bxe7 Kxe7
31.Rad1 Rxd1 32.Rxd1 Nf8 33.Nf6 b6 34.Kg3 c5 35.a4 Ke6 36.Rd8 Ng6 37.Rxh8 Nxh8
38.Nxh5 a6 39.e4 b5 40.axb5 axb5 41.Ng7+ Ke7 42.Nf5+ Ke6 43.h5 Nf7 44.Kg4 c4
45.g6 Nd8 46.h6  1-0

[Event "Horgen SKA"]
[Site "Horgen"]
[Date "1994.??.??"]
[Round "3"]
[White "Zueger, Beat"]
[Black "Masserey, Yvan"]
[Result "1-0"]
[WhiteElo "2420"]
[BlackElo "2300"]

1.g3 d5 2.Nf3 c6 3.Bg2 Bg4 4.c4 Nd7 5.d4 e6 6.O-O Bd6 7.Nc3 Bxf3 8.Bxf3 f5
9.Bg2 Ne7 10.e3 O-O 11.Qe2 Nf6 12.Bd2 Qe8 13.Rab1 Qg6 14.b4 a6 15.a4 Ne4
16.b5 axb5 17.axb5 c5 18.dxc5 Bxc5 19.cxd5 exd5 20.Rfd1 Qe6 21.Be1 Rfd8 22.Rd3 Rd7
23.Qd1 Rad8 24.Qb3 h6 25.Rbd1 Kh7 26.Ne2 Bb6 27.Nf4 Qe5 28.Bb4 d4 29.Qe6 Qxb5
30.Bxe7 dxe3 31.Bxe4 exf2+ 32.Kg2  1-0

[Event "Horgen SKA"]
[Site "Horgen"]
[Date "1994.??.??"]
[Round "5"]
[White "Hug, Werner"]
[Black "Magem Badals, Jorge"]
[Result "1/2-1/2"]
[WhiteElo "2445"]
[BlackElo "2520"]

1.Nf3 d5 2.g3 Bg4 3.Bg2 Nd7 4.d4 e6 5.O-O Bd6 6.c4 c6 7.Qb3 Rb8 8.e4 dxe4
9.Ng5 Ndf6 10.Nc3 Ne7 11.Ngxe4 Nxe4 12.Nxe4 Bc7 13.h3 Bh5 14.Qc3 O-O 15.b3 b5  1/2-1/2

[Event "Horgen SKA"]
[Site "Horgen"]
[Date "1994.??.??"]
[Round "7"]
[White "Hickl, Joerg"]
[Black "Masserey, Yvan"]
[Result "1-0"]
[WhiteElo "2535"]
[BlackElo "2300"]

1.g3 d5 2.Nf3 Nf6 3.Bg2 c6 4.b3 Bg4 5.Bb2 Nbd7 6.d3 e6 7.Nbd2 Bd6 8.O-O O-O
9.c4 Re8 10.Qc2 a5 11.a3 e5 12.e4 dxe4 13.dxe4 Bf8 14.Bc3 Qc7 15.b4 axb4
16.axb4 Rxa1 17.Rxa1 Nb8 18.c5 Nfd7 19.Nc4 f6 20.Ra7 Qc8 21.Nfd2 Be6 22.Bf1 Kh8
23.Qb1 Be7 24.Qa1 Rd8 25.Na5 b6 26.cxb6  1-0

[Event "Hradec Kralove op"]
[Site "Hradec Kralove"]
[Date "1994.??.??"]
[Round "6"]
[White "Kraschl, Joerg"]
[Black "Fuchs, Georg"]
[Result "1-0"]
[WhiteElo "2230"]
[BlackElo "1965"]

1.Nf3 d5 2.g3 c5 3.Bg2 Nc6 4.O-O Nf6 5.d3 Bf5 6.Nbd2 e5 7.c3 Bd6 8.Re1 d4
9.Nc4 O-O 10.e4 dxe3 11.Bxe3 Ng4 12.Bg5 Qc7 13.h3 Nf6 14.Bxf6 gxf6 15.Nh4 Bg6
16.Be4 Ne7 17.Qf3 f5 18.Bxf5 b5 19.Ne3 Nxf5 20.Nhxf5 Qd7 21.h4 f6 22.h5 Bxf5
23.Nxf5 Rad8 24.Re4 Bb8 25.Rae1 Qxd3 26.Qg4+ Kf7 27.Qg7+ Ke6 28.Qe7+ Kd5
29.Qb7+ Ke6 30.Ng7+ Kd6 31.R4e3 Qd5 32.Qxb5 Ke7 33.Nf5+ Kf7 34.R3e2 e4 35.Ne3 Qxh5
36.Qb7+ Kg8 37.Qxe4 Kh8 38.Nf5 Rg8 39.Kg2 Be5 40.Rh1 Qg6 41.Rh6 Qf7 42.Re1 Rde8
43.Reh1 Bxg3 44.Rxh7+ Qxh7 45.Rxh7+ Kxh7 46.Ne7+ f5 47.Qxf5+ Kh6 48.Nxg8+  1-0

[Event "Hradec Kralove op"]
[Site "Hradec Kralove"]
[Date "1994.??.??"]
[Round "6"]
[White "Vavra, Pavel"]
[Black "Kucera, Petr"]
[Result "0-1"]
[WhiteElo "2220"]
[BlackElo "2340"]

1.Nf3 d5 2.g3 Nf6 3.Bg2 Bf5 4.c4 c6 5.cxd5 cxd5 6.Qb3 Qb6 7.Qxb6 axb6 8.Nc3 Nc6
9.d3 e6 10.O-O Bc5 11.Bg5 h6 12.Bxf6 gxf6 13.e4 dxe4 14.dxe4 Bg4 15.Nb5 Ke7
16.a3 Bxf3 17.Bxf3 Nd4 18.Nxd4 Bxd4 19.Rac1 Rhc8 20.Rxc8 Rxc8 21.Re1 Bxb2
22.a4 Rc4 23.Rb1 Bd4 24.Bd1 Bc5 25.a5 bxa5 26.Rxb7+ Kd6 27.Kf1 a4 28.f3 a3
29.Bb3 Rc1+ 30.Ke2 Rb1  0-1

[Event "HUN-chT 9394"]
[Site "?"]
[Date "1994.??.??"]
[Round "?"]
[White "Bilek, Istvan"]
[Black "Varga, Zoltan"]
[Result "1/2-1/2"]
[WhiteElo "2390"]
[BlackElo "2290"]

1.Nf3 d5 2.g3 c5 3.Bg2 Nc6 4.d4 g6 5.O-O cxd4 6.Nxd4 Bg7 7.Nb3 e6 8.c4 dxc4
9.Qxd8+ Kxd8 10.Bxc6 bxc6 11.Rd1+ Kc7 12.Nc5 Ne7 13.e4 Rd8 14.Bf4+ e5 15.Rxd8 Kxd8
16.Bd2 Rb8 17.Na3 Rxb2  1/2-1/2

[Event "HUN-chT 9394"]
[Site "?"]
[Date "1994.??.??"]
[Round "?"]
[White "Nagy, B."]
[Black "Medvegy, Nora"]
[Result "0-1"]
[WhiteElo "2110"]
[BlackElo "2155"]

1.Nf3 d5 2.g3 Nd7 3.d3 Ngf6 4.Nbd2 e5 5.e4 c6 6.Bg2 Bd6 7.O-O O-O 8.c3 Re8
9.Qc2 Nf8 10.h3 Ng6 11.Re1 h6 12.Nf1 Be6 13.Bd2 Bc7 14.Rad1 Nh5 15.Bc1 Qd7
16.Kh2 f5 17.exf5 Bxf5 18.Ne3 Be6 19.Nf1 Rf8 20.Qe2 Nf6 21.b3 Qf7 22.c4 Bd6
23.Bb2 Rae8 24.c5 Bc7 25.Ne3 Bc8 26.Qc2 e4 27.dxe4 Nxe4 28.Nf1 Bxh3 29.Kxh3 Nf4+
30.gxf4 Qh5+ 31.Nh4 Rxf4 32.Bxe4 Qg4+ 33.Kh2 Rxf2+  0-1

[Event "HUN-chT 9394"]
[Site "?"]
[Date "1994.??.??"]
[Round "?"]
[White "Marosi, Gyorgy"]
[Black "Kral, Peter"]
[Result "1-0"]
[WhiteElo "2280"]
[BlackElo "2210"]

1.Nf3 d5 2.g3 c5 3.Bg2 Nc6 4.d4 e6 5.O-O Nf6 6.c4 dxc4 7.Ne5 Nxe5 8.dxe5 Qxd1
9.Rxd1 Nd5 10.Na3 Bd7 11.Nxc4 Bb5 12.b3 Rd8 13.Bb2 Be7 14.Nd6+ Bxd6 15.exd6 O-O
16.e4 Nb4 17.e5 Bc6 18.a3 Bxg2 19.axb4 Bc6 20.bxc5 a6 21.Re1 h6 22.Re3 Kh7
23.Rd1 g5 24.Rd4 Kg6 25.h4 Rg8 26.Kf1 Rd7 27.Ke1 Rh8 28.Kd2 Rc8 29.b4 Rg8
30.Kc2 Ba4+ 31.Kb1 Bc6 32.Ka2 Rh8 33.Ka3 Rg8 34.Red3 Rh8 35.Bc1 Rg8 36.g4 Rh8
37.Rh3 Rdd8 38.h5+ Kg7 39.f4 gxf4 40.Rxf4 Rd7 41.Rf6 Rh7 42.Rg3 Rd8 43.Rg1 Bb5
44.Rg2 Bc6 45.Rgf2 Rd7 46.Kb2 Rh8 47.Kc3 Rh7 48.Kd4 Rh8 49.Ke3 Rh7 50.Kf4 Kg8
51.Kg3 Kg7 52.Kh4 Be4 53.g5 hxg5+ 54.Bxg5 Bc6 55.R6f4 f5 56.Rxf5 exf5 57.e6 Kg8
58.e7 Rdxe7 59.dxe7 Be8 60.Rxf5 Rxh5+ 61.Kg4 Rh8 62.Rf8+ Kh7 63.Bf6 Rg8+
64.Kf5 Bb5 65.Ke5 Rg4 66.Rh8+ Kg6 67.Rg8+ Kh5 68.e8=Q+ Bxe8 69.Rxe8  1-0

[Event "HUN-chT 9394"]
[Site "?"]
[Date "1994.??.??"]
[Round "?"]
[White "Valis, Janos"]
[Black "Meszaros, Gy"]
[Result "1/2-1/2"]
[WhiteElo "2175"]
[BlackElo "2465"]

1.Nf3 d5 2.g3 Nd7 3.Bg2 e5 4.d3 Ngf6 5.O-O Bd6 6.Nc3 c6 7.e4 O-O 8.Nd2 Nb6
9.a4 a5 10.b3 Re8 11.Ne2 Be6 12.Bb2 dxe4 13.Nxe4 Nxe4 14.dxe4 Qc7 15.Nc1 Nd7
16.Nd3 Nc5 17.Nxc5 Bxc5 18.Qh5 f6 19.Bh3 Bf7 20.Qe2 Rad8 21.Rad1 Qb6 22.Kg2 Bd4
23.Bc1 c5 24.Bd2 c4 25.Qe1 Qc6 26.Bxa5 b6 27.Bb4 cxb3 28.cxb3 Bxb3 29.Rc1 Qb7
30.a5 b5 31.f3 Bc4 32.Rh1 Qa7 33.g4 Bf2 34.Qc3 Rd3 35.Qb2 Bd4 36.Qc2 Be3
37.Rcd1 Qd4 38.Rxd3 Bxd3 39.Qa2+ Bc4 40.Qc2 Rd8 41.Re1 Bg5 42.Kh1 Be6 43.Bc5 Rc8
44.Bxd4 Rxc2 45.Bb6 Ra2 46.Rb1 Bc4 47.Bf1 Bd2 48.Kg1 Bxf1 49.Kxf1 Bxa5 50.Rxb5 Bxb6
51.Rxb6 Rxh2 52.Rb7 h6 53.Ra7 Kh7 54.Rb7 Kg6 55.Ra7 Rd2 56.Rb7 Rd8 57.Kg2 Rg8
58.Kg3 Kg5 59.Ra7 h5 60.gxh5 Kxh5 61.Rf7 Kg5 62.Ra7 Kg6 63.Rb7 Rc8 64.Ra7 Kh6
65.Rf7 Rc6 66.Ra7 g6 67.Rb7 Rc5 68.Rf7 Kg5 69.Rg7 Rc3 70.Re7 Rc5 71.Rg7 f5
72.exf5 Kxf5 73.Rf7+ Kg5 74.Rf8 Rc3 75.Re8 Kf6 76.Kg4 Rc1 77.Kg3 Rc2 78.Kh3 Rd2
79.Kg3 Re2 80.Kh3 Kf5 81.Kg3 Kg5 82.Rxe5+  1/2-1/2

[Event "HUN-chT 9394"]
[Site "?"]
[Date "1994.??.??"]
[Round "?"]
[White "Szell, Lajos"]
[Black "Meszaros, Gy"]
[Result "1/2-1/2"]
[WhiteElo "2315"]
[BlackElo "2465"]

1.Nf3 d5 2.g3 Nd7 3.d4 c6 4.Bg2 e6 5.O-O Bd6 6.Nbd2 f5 7.b3 Qf6 8.Bb2 Ne7
9.Ne1 h5 10.Ndf3 g5 11.Nd3 Ng6 12.Bc1 g4 13.Bg5 Qg7 14.Nh4 Nxh4 15.Bxh4 Qxd4
16.Qd2 Qg7 17.c4 Nf6 18.cxd5 exd5 19.Qe3+ Ne4 20.Bxe4 fxe4 21.f3 gxf3 22.exf3 O-O
23.fxe4 Bh3 24.Rfe1 dxe4 25.Qxe4 Bc7 26.Qc4+ Kh8 27.Rac1 Rad8 28.Re7 Qd4+
29.Qxd4+ Rxd4 30.Re8 Rxd3 31.Rxf8+ Kg7 32.Rf2 Bb6 33.g4 hxg4 34.Re1 Bxf2+
35.Bxf2 a5 36.Be3 Kg6 37.Kf2 Rc3 38.Re2 Kf5 39.Ke1 Rd3 40.Bb6 Rd5 41.Rc2 Rb5
42.Rc5+ Rxc5 43.Bxc5 Ke4 44.Kd2 Kf3 45.Kc3 Bf1 46.Bb6 Kg2 47.Bc7 c5 48.a3  1/2-1/2

[Event "HUN-chT 9394"]
[Site "?"]
[Date "1994.??.??"]
[Round "?"]
[White "Honos, Attila"]
[Black "Bauer, Peter2"]
[Result "1/2-1/2"]
[WhiteElo "2300"]
[BlackElo "2210"]

1.Nf3 d5 2.g3 g6 3.Bg2 Bg7 4.O-O Nf6 5.d4 O-O 6.Bf4 c6 7.Qc1 Bg4 8.Re1 Bxf3
9.Bxf3 Nbd7 10.Nd2 Re8 11.e4 dxe4 12.Nxe4 Nxe4 13.Rxe4 Nf6 14.Re3 Qxd4 15.Be5 Qc5
16.Qe1 e6 17.Rb3 Qe7 18.c4 Red8 19.Qb4 Qxb4 20.Rxb4 Rd7 21.Rd1 Rxd1+ 22.Bxd1 b6
23.Bf3 Rc8 24.Ra4 a5 25.Bxf6 Bxf6 26.c5 b5 27.Rxa5 Bxb2 28.Ra6 Bd4 29.Rxc6 Rxc6
30.Bxc6 b4 31.Kf1 Bxc5 32.Ke2 Kf8 33.f3 Bd6 34.Kf2 g5 35.h3 h5 36.g4 h4 37.Ke2 Ke7
38.Ke3 f5 39.gxf5 exf5 40.Kd4 Ke6 41.Bd5+ Kf6 42.Bb7 g4 43.fxg4 fxg4 44.hxg4 Kg5
45.Ke3 Kxg4 46.Kf2 h3 47.Kg1 Kg3 48.Kh1  1/2-1/2

[Event "HUN-chT 9394"]
[Site "?"]
[Date "1994.??.??"]
[Round "?"]
[White "Peredy, Ferenc"]
[Black "Szakolczai, Peter"]
[Result "1/2-1/2"]
[WhiteElo "2190"]
[BlackElo "2240"]

1.Nf3 d5 2.g3 c6 3.Bg2 Bg4 4.O-O Nd7 5.d4 e6 6.Nbd2 Bd6 7.e4 Ne7 8.h3 Bxf3
9.Nxf3 O-O 10.Qe2 dxe4 11.Qxe4 Nf5 12.Rd1 Qb6 13.c4 Be7 14.g4 Nd6 15.Qe2 Qd8
16.Bf4 Re8 17.Rd2 Nf8 18.Rad1 Ng6 19.Bg3 Bf6 20.b3 a5 21.a4 h6 22.Rd3 Nh4
23.Bxh4 Bxh4 24.Nxh4 Qxh4 25.Qc2 Rac8 26.Qc3 Ra8 27.d5 cxd5 28.cxd5 e5 29.Re1 e4
30.Rde3 Rac8 31.Qxa5 Rc2 32.R3e2 Rcc8 33.Qb4 Rcd8 34.Re3 Re5 35.Qd4 Rde8
36.Qc5 Rd8 37.f4 Ree8 38.f5 h5 39.gxh5 Nxf5 40.Rxe4 Rxe4 41.Rxe4 Qg5 42.Rg4 Qd2
43.Qf2 Qc1+ 44.Qf1 Qc5+ 45.Qf2 Qc1+ 46.Qf1 Qc5+  1/2-1/2

[Event "HUN-chT 9394"]
[Site "?"]
[Date "1994.??.??"]
[Round "?"]
[White "Pirisi, Gabor"]
[Black "Izsak, Gyula"]
[Result "0-1"]
[WhiteElo "2400"]
[BlackElo "2365"]

1.Nf3 d5 2.g3 Nf6 3.Bg2 e6 4.O-O Be7 5.d3 c5 6.Nbd2 O-O 7.e4 Nc6 8.Qe2 Qc7
9.Re1 b6 10.e5 Nd7 11.Nf1 Bb7 12.h4 Nd4 13.Nxd4 cxd4 14.Bf4 Rac8 15.Rac1 Bb4
16.Red1 Qc6 17.Nh2 Qb5 18.Nf3 Be7 19.Rb1 Qa4 20.Rdc1 Rc7 21.b3 Qxa2 22.Nxd4 Rfc8
23.Qg4 Bf8 24.h5 Re8 25.Re1 a6 26.Bd2 Rxc2 27.Ra1 Qb2 28.Reb1 Rxd2 29.Rxb2 Rxb2
30.Nf3 h6 31.d4 Rc8 32.Ne1 Rxb3 33.Bf1 b5 34.Qd1 Rbc3 35.Nd3 Nb6 36.Nf4 R8c7
37.Qg4 Bc8 38.Qd1 b4 39.Kg2 Ra3 40.Rb1 a5 41.g4 Be7 42.Nd3 Na4 43.Qd2 Ba6
44.Nc5 Bxf1+ 45.Kxf1 Nxc5 46.dxc5 Rxc5 47.Qd4 Ra2 48.Rb3 Rc1+ 49.Kg2 Bc5  0-1

[Event "HUN-chT2 9394"]
[Site "?"]
[Date "1994.??.??"]
[Round "?"]
[White "Kiss, Attila"]
[Black "Fancsy, Imre"]
[Result "1/2-1/2"]
[WhiteElo "2340"]
[BlackElo "2400"]

1.g3 d5 2.Nf3 Nf6 3.Bg2 e6 4.O-O Be7 5.d4 O-O 6.c4 dxc4 7.Ne5 Nc6 8.Nxc6 bxc6
9.Bxc6 Rb8 10.Nc3 Nd5 11.e4 Nb4  1/2-1/2

[Event "HUN-chT2 9394"]
[Site "?"]
[Date "1994.??.??"]
[Round "?"]
[White "Bugyinszki, Istvan"]
[Black "Ezsol, Miklos"]
[Result "1-0"]
[WhiteElo "2305"]
[BlackElo "2285"]

1.Nf3 d5 2.g3 Bg4 3.Bg2 Nd7 4.c4 dxc4 5.Qa4 c6 6.Qxc4 Bxf3 7.Bxf3 Ne5 8.Qc3 Nxf3+
9.Qxf3 Qd5 10.Qxd5 cxd5 11.Nc3 e6 12.d3 Bc5 13.O-O Ne7 14.Bf4 Ng6 15.Rac1 Nxf4
16.gxf4 Bd6 17.f5 Be5 18.Nb5 Kd7 19.f4 Bd6 20.fxe6+ fxe6 21.f5 Rhf8 22.fxe6+ Kxe6
23.Nc7+ Bxc7 24.Rxc7 Rxf1+ 25.Kxf1 Rf8+ 26.Kg2 Rf7 27.Rxf7 Kxf7 28.Kf3 Kf6
29.Kg4 b5 30.e3 a5 31.h4 g6 32.Kf4 h6 33.Kg4 a4 34.a3 Ke5 35.Kf3 Kf5 36.Kg3 h5
37.Kf3 g5 38.Kg3 gxh4+ 39.Kxh4 Kg6 40.Kg3 Kg5 41.Kh3 h4  1-0